000 00315nam a22001337a 4500
008 171011b xxu||||| |||| 00| 0 eng d
020 _a0312241879
041 _aeng
080 _22ND
_a316
100 _a50
101 _aSOC
245 _aTHE ELEMENTS OF SOCIAL SCIENTIFIC THINKING
_cHOOVER,.K.R
942 _2udc
_cBK
999 _c33021
_d33021